| 000 | 00470nam a22001697a 4500 | ||
|---|---|---|---|
| 005 | 20251108172207.0 | ||
| 008 | 250721s1989 xx 000 0 ara d | ||
| 082 | 1 | 4 | _a636.1/قبل |
| 100 | 1 | _aغلوب، قبلان | |
| 245 | 1 | 0 | _aالحصان العربي الأصيل / |
| 264 | 1 |
_aطرابلس ( لبنان ) : _bجروس برس، _c1989. |
|
| 300 | _a187ص : مص | ||
| 650 | 1 | 7 | _aالخيل |
| 650 | 1 | 7 | _aالفروسية |
| 942 |
_2ddc _cBK |
||
| 999 |
_c72822 _d72822 |
||